Journal of agricultural economics

Guardado en:
Detalles Bibliográficos
Formato: Seriadas
Lenguaje:inglés
Publicado: London Agricultural Economics Society 1980
Etiquetas: Agregar Etiqueta
Sin Etiquetas, Sea el primero en etiquetar este registro!

MARC

LEADER 00000nas2a2200000 4500
001 s125059
005 20250730114227.6
022 |a 0021-857X 
041 0 |a eng 
044 |a GB 
245 1 0 |a Journal of agricultural economics 
264 1 |a London  |b Agricultural Economics Society  |c 1980 
300 |a 1 zv. 
773 0 |w eu_un_cat*s123704